Zardozi : Glittering Gold of Embroidery (Record no. 359491)
[ view plain ]
| 000 -LEADER | |
|---|---|
| fixed length control field | 00690nam a22001817a 4500 |
| 005 - DATE AND TIME OF LATEST TRANSACTION | |
| control field | 20240822142846.0 |
| 008 - FIXED-LENGTH DATA ELEMENTS--GENERAL INFORMATION | |
| fixed length control field | 240813b |||||||| |||| 00| 0 eng d |
| 020 ## - INTERNATIONAL STANDARD BOOK NUMBER | |
| International Standard Book Number | 8170173191 |
| 041 ## - LANGUAGE CODE | |
| Language code of text/sound track or separate title | English |
| 082 ## - DEWEY DECIMAL CLASSIFICATION NUMBER | |
| Classification number | 746.44 |
| Item number | GUP |
| 100 ## - MAIN ENTRY--PERSONAL NAME | |
| Author | Gupta Charu Smita |
| 245 ## - TITLE STATEMENT | |
| Title | Zardozi : Glittering Gold of Embroidery |
| 260 ## - PUBLICATION, DISTRIBUTION, ETC. | |
| Place of publication, distribution, etc. | New Delhi |
| Name of publisher, distributor, etc. | Abhinav Publications |
| Date of publication, distribution, etc. | 1996 |
| 300 ## - PHYSICAL DESCRIPTION | |
| Extent | 244 |
| 520 ## - SUMMARY, ETC. | |
| Summary, etc. | • Introduction<br/>• Historical Development of the Craft<br/>• Design & Motifs: Forms on Fabric<br/>• Technical Exposition: Design Ensemble<br/>• Zardoz: A Social Retrospect in Shahajahanabad<br/>• Karkhana: Production Synthesis<br/><br/> |
| 650 ## - SUBJECT ADDED ENTRY--TOPICAL TERM | |
| Topical term or geographic name entry element | Embroidery |
| 942 ## - ADDED ENTRY ELEMENTS (KOHA) | |
| Koha item type | Donated Book |
| Withdrawn status | Lost status | Source of classification or shelving scheme | Damaged status | Not for loan | Home library | Current library | Date acquired | Vendor | Net Price | Full call number | Barcode | Date last seen | Actual Price | Koha item type | Original Barcode |
|---|---|---|---|---|---|---|---|---|---|---|---|---|---|---|---|
| Dewey Decimal Classification | Available | School of Fashion Technology | School of Fashion Technology | 05/08/2024 | Usha Shrikant | 2100.00 | 746.44 GUP | SOFT-BK-D165 | 13/08/2024 | 2100.00 | Donated Book | D165 |